| 000 | 00359nam a2200145Ia 4500 | ||
|---|---|---|---|
| 008 | 230917s9999||||xx |||||||||||||| ||und|| | ||
| 040 |
_e71424 _aMAIN |
||
| 041 | _aEnglish | ||
| 082 | _a809.2 S58W v2 | ||
| 100 | _aStirling, Nora | ||
| 245 | 0 | _aWho wrote the classic V2 | |
| 260 |
_aNew York _bThe John Day Company _c1968 |
||
| 300 | _a319 p. | ||
| 942 | _cBK | ||
| 999 |
_c191539 _d191539 |
||